This is Marketing : You Can't be Seen Until You Learn to See (Record no. 12770)

MARC details
000 -LEADER
fixed length control field 00376nam a22001457a 4500
003 - CONTROL NUMBER IDENTIFIER
control field OSt
020 ## - INTERNATIONAL STANDARD BOOK NUMBER
International Standard Book Number 9780241370148
082 ## - DEWEY DECIMAL CLASSIFICATION NUMBER
Classification number 658.8
Item number GOT
100 ## - MAIN ENTRY--PERSONAL NAME
Personal name GODIN, Seth
245 ## - TITLE STATEMENT
Title This is Marketing : You Can't be Seen Until You Learn to See
260 ## - PUBLICATION, DISTRIBUTION, ETC. (IMPRINT)
Place of publication, distribution, etc Great Britain:
Name of publisher, distributor, etc Penguin Random House,
Date of publication, distribution, etc 2018.
300 ## - PHYSICAL DESCRIPTION
Extent xvi,266p.
650 ## - SUBJECT ADDED ENTRY--TOPICAL TERM
Topical term or geographic name as entry element General Books
942 ## - ADDED ENTRY ELEMENTS (KOHA)
Source of classification or shelving scheme Dewey Decimal Classification
Koha item type Reference Books
Holdings
Withdrawn status Lost status Source of classification or shelving scheme Damaged status Not for loan Collection code Home library Current library Date acquired Source of acquisition Currency Cost, normal purchase price Bill Number Total Checkouts Full call number Acc. no. / Barcode Checked out Date last seen Date last borrowed Actual Cost, discounted price Bill Date Koha item type
    Dewey Decimal Classification     GENERAL PIET C-LIBRARY PIET C-LIBRARY 18/06/2024 Zafaa Books and Distributors In rupees 799.00 ZBD0076 1 658.8 GOT 37661 28/01/2025 12/07/2024 12/07/2024 519.35 18/06/2024 Text Books

Design & Developed by: PIET Central Library
R70 Miles Stone Pattikalyana Samalkha Panipat 132102
mail ID :- [email protected], Phone No:- 0180-2569700 Ex.216